00493nam a2200193 a 4500001001300000003000900013005001700022008004100039020000800080082002000088100002200108245003800130260003800168300000900206500003500215505001700250650001000267700002200277nice12345678IN_TiNIC20260116011457.0050524s1960 lona grp 000 0 eng  ac000a306.089927bCHI aChilders, Erskine aCommon Sense About the Arab World aLondonbVictor Gollancz Ltdc1960 a192p aincludes index and biblioraphy2 aBibliography aArabs1 aChilders, Erskine